1930 1624 1592 1460 1915 1710 1258 1957 1365 1876 1490 1700 1448 1403 1768 1448 1572 1468 1687 1789 1390 1335 1889 1257 1515 1074 1518 1783 1983 1871 1647 1447 1391 1383 1844 1679 1670 1882 1304 1813 1272 1823 1662 1758 1792 1395 1947 1657 1757 1414 1211 1834 1106 1440 1854 1228 1139 1918 1657 1446 1302 1887 1683 1587 1584 1040 1093 1678 1589 1609 1370 1570 1890 1312 1161 1996 1600 1714 1426 1723 1300 1806 1637 1593 1600 1670 1040 1480 1727 1477 1550 1352 1354 1432 1366 1790 1919 1060 1077 BCNSPRNW ULIB Ver.6.0+V

เปลี่ยนเป็นภาษาไทย

Change to English
 แสดงรายละเอียดบรรณานุกรม
  กลับหน้าหลัก

Brief Record : Get Marc (ISO 2709) : E-mail record : QR code < ปิดหน้าต่าง
LEADER : 00000nam 2200000uu 4500
001    13399112656
003     ULIB
008    110830s2546||||th 000 0 tha d
020    9744840684
050 04 HV7100.55^bอ376น 2546
100 0  อรสม สุทธิสาคร
245 10 นักโทษประหารหญิง /^cอรสม สุทธิสาคร
250    พิมพ์ครั้งที่ 2
260    กรุงเทพฯ :^bสารคดี,^c2546
300    162 หน้า ;^c21 ซม
650  7 การประหารชีวิตและเพชฌฆาต^zไทย
650  7 นักโทษหญิง^zไทย
650  7 เรือนจำ
650  7 การพิจารณาและตัดสินคดี
650  7 การประหารชีวิตและเพชฌฆาต^zไทย
945    ^p140^l0^i015961
995    ทศพร
999 ^a ทศพร
รายการนี้ยังไม่มีแท็ก
คุณยังไม่ได้ล็อกอิน คุณสามารถมีกิจกรรมร่วมกับเว็บไซต์ได้ แต่ต้องล็อกอินก่อน ::
  ล็อกอิน

รายการสื่อสารสนเทศ

ลำดับที่ ประเภท เลขเรียก/บาร์โค้ด สถานที่ สถานะ
- ไม่พบข้อมูล -

รายการใกล้เคียง
    ผู้แต่ง [อรสม สุทธิสาคร]

BibComment


ยังไม่เคยถูกคอมเมนท์

คอมเมนท์ทรัพยากรรายการนี้
  คอมเมนท์: นักโทษประหารหญิง ..


 Copyright 2026. Bcnsprnw @Library